000
00319cam a2200145ua 4500
001
9496
008
120723n II |||gr||||Z||||||eng
040
_a
MAIN
041
_a
English
082
_a
515.3 VAR
100
_a
VARSHNEY, C. L.
245
_a
DIFFERENTIAL CALCULAS
653
_a
Differential Calculus
942
_c
BK
999
_c
9472
_d
9472